000 00802nas a2200253 4500
001 BR9512130
003 BR-BrBNA
005 20231205095625.0
007 ta
008 230509b bl.|||p| |||| 00| 00por d
040 _aBR-BrBNA
_bpor
_cBiblioteca Nacional de Agricultura
041 _a(Pt)
072 _aL02; L74
100 1 _aRodrigues, A.C.P.
100 1 _aMoraes, G.H.K. de
245 1 _aEfeitos do acido L-glutamico e da vitamina K da dieta no desempenho e nas anomalias nas pernas de pinto de corte
650 _aPinto de Corte
650 _aDieta
650 _aVitamina K
650 _aDisturbio Nutricional
773 0 _tRevista Ceres (Brazil)
_xISSN 0034-737X
_g(May-Jun 1995), v. 42(241) p. 270-278
_wBR9512130
909 _a202311
_bLúcia
_c55
_dLúcia Elande
942 _2AGRIS
_n0
_cANA
999 _c151760
_d151760